Lithium research and therapy
Kaydedildi:
| Yazar: | |
|---|---|
| Materyal Türü: | Kitap |
| Dil: | İngilizce |
| Baskı/Yayın Bilgisi: |
Londres
Academic Press
1975
|
| Konular: | |
| Etiketler: |
Etiketle
Etiket eklenmemiş, İlk siz ekleyin!
|
MARC
| LEADER | 00000nam a2200000 a 4500 | ||
|---|---|---|---|
| 001 | UCM8414 | ||
| 003 | CL-VaPUC | ||
| 008 | 030314e19750000UK |||||||||||||||||eng|d | ||
| 082 | 0 | 4 | |a 615.5 |b JOH |2 21 |
| 100 | 0 | |a Johnson, F. N |e author |9 474458 | |
| 245 | 1 | 0 | |a Lithium research and therapy |
| 300 | |a 569 p | ||
| 942 | |c BK | ||
| 945 | |d 20030314 00:00:00 |a rbrito | ||
| 260 | |a Londres |b Academic Press |c 1975 | ||
| 650 | 7 | |a LITIO |2 CL-VaPUC |9 367174 | |
| 650 | 7 | |a TERAPEUTICA |2 CL-VaPUC |9 310014 | |
| 650 | 0 | |a Bioquímica |9 259492 | |
| 650 | 0 | |a Psicología clínica |9 307259 | |
| 650 | 0 | |a Psiquiatría |9 308427 | |
| 583 | |a last modification |c 20030314 00:00:00 |k Rodrigo Vera | ||
| 999 | |c 302929 |d 302927 | ||
| 952 | |0 0 |1 0 |4 0 |6 615_500000000000000_JOH_1975 |7 0 |8 A |9 363773 |a BIBCUR |b BIBCUR |d 2019-11-21 |i 3848264 |o 615.5 JOH 1975 |p 3848264 |r 2025-04-22 |w 2019-11-21 |y BK |k BCB | ||